000 00656nam a2200241 i 4500
001 C2-0077762
003 PPAK
005 20180727082816.0
008 970429s1987 enka|||| ||||| | eng d
020 _a0600554082
040 _aPPAK
_beng
_cPPAK
_erda
082 0 4 _a748.03
_223
090 0 0 _a748.03
_bENC
_dR
245 0 4 _aThe encyclopedia of glass
264 1 _aLondon :
_bSpring Books ,
_c1987.
300 _a320 pages :
_billustrations ;
_c28 cm
336 _2rdacontent
_atext
337 _2rdamedia
_aunmediated
338 _2rdacarrier
_avolume
650 1 0 _aGlassware - Encyclopedias.
700 1 _aPhilips, Phoeb,
_eeditor
942 _ddc
_cB
999 _c12673
_d12673